Introduction to Information Systems: Supporting and Transforming Business (Record no. 12651)
[ view plain ]
| 000 -LEADER | |
|---|---|
| fixed length control field | 00481nam a22001817a 4500 |
| 003 - CONTROL NUMBER IDENTIFIER | |
| control field | OSt |
| 008 - FIXED-LENGTH DATA ELEMENTS--GENERAL INFORMATION | |
| fixed length control field | 240507b |||||||| |||| 00| 0 eng d |
| 020 ## - INTERNATIONAL STANDARD BOOK NUMBER | |
| International Standard Book Number | 9789354643026 |
| 082 ## - DEWEY DECIMAL CLASSIFICATION NUMBER | |
| Classification number | 658.4 RAI |
| 100 ## - MAIN ENTRY--PERSONAL NAME | |
| Personal name | RAINER, R. Kelly and PRINCE, Brad |
| 245 ## - TITLE STATEMENT | |
| Title | Introduction to Information Systems: Supporting and Transforming Business |
| 250 ## - EDITION STATEMENT | |
| Edition statement | 9th. ed. |
| 260 ## - PUBLICATION, DISTRIBUTION, ETC. (IMPRINT) | |
| Place of publication, distribution, etc | New Delhi, |
| Name of publisher, distributor, etc | Wiley, |
| Date of publication, distribution, etc | 2022 |
| 300 ## - PHYSICAL DESCRIPTION | |
| Extent | 578 p. |
| 650 ## - SUBJECT ADDED ENTRY--TOPICAL TERM | |
| Topical term or geographic name as entry element | MBA |
| 700 ## - ADDED ENTRY--PERSONAL NAME | |
| Personal name | LAL, Prerna |
| 942 ## - ADDED ENTRY ELEMENTS (KOHA) | |
| Source of classification or shelving scheme | Dewey Decimal Classification |
| Koha item type | Text Books |
| Withdrawn status | Lost status | Source of classification or shelving scheme | Damaged status | Not for loan | Collection code | Home library | Current library | Date acquired | Source of acquisition | Currency | Cost, normal purchase price | Bill Number | Total Checkouts | Full call number | Acc. no. / Barcode | Date last seen | Actual Cost, discounted price | Bill Date | Koha item type |
|---|---|---|---|---|---|---|---|---|---|---|---|---|---|---|---|---|---|---|---|
| Dewey Decimal Classification | MBA | PIET C-LIBRARY | PIET C-LIBRARY | 06/04/2024 | Zaffa Books and Distributors | In Rupees | 909.00 | ZBD0007 | 658.4 RAI | 37182 | 07/05/2024 | 659.03 | 06/04/2024 | Reference Books | |||||
| Dewey Decimal Classification | MBA | PIET C-LIBRARY | PIET C-LIBRARY | 06/04/2024 | Zaffa Books and Distributors | In Rupees | 909.00 | ZBD0007 | 658.4 RAI | 37183 | 07/05/2024 | 659.03 | 06/04/2024 | Text Books | |||||
| Dewey Decimal Classification | MCA | PIET C-LIBRARY | PIET C-LIBRARY | 16/04/2025 | Zaffa Books | INR | 969.00 | ZBD0052 | 658.4 RAI | 39494 | 23/04/2025 | 702.52 | 16/04/2025 | Text Books | |||||
| Dewey Decimal Classification | MCA | PIET C-LIBRARY | PIET C-LIBRARY | 16/04/2025 | Zaffa Books | INR | 969.00 | ZBD0052 | 658.4 RAI | 39495 | 23/04/2025 | 702.52 | 16/04/2025 | Text Books | |||||
| Dewey Decimal Classification | MCA | PIET C-LIBRARY | PIET C-LIBRARY | 16/04/2025 | Zaffa Books | INR | 969.00 | ZBD0052 | 658.4 RAI | 39496 | 23/04/2025 | 702.52 | 16/04/2025 | Text Books | |||||
| Dewey Decimal Classification | MCA | PIET C-LIBRARY | PIET C-LIBRARY | 16/04/2025 | Zaffa Books | INR | 969.00 | ZBD0052 | 658.4 RAI | 39497 | 23/04/2025 | 702.52 | 16/04/2025 | Text Books | |||||
| Dewey Decimal Classification | MCA | PIET C-LIBRARY | PIET C-LIBRARY | 16/04/2025 | Zaffa Books | INR | 969.00 | ZBD0052 | 658.4 RAI | 39498 | 23/04/2025 | 702.52 | 16/04/2025 | Text Books |